|
|
|
|
| LEADER |
00000nab a2200000 a 4500 |
| 001 |
vtls000654054 |
| 003 |
SK-MaSNL |
| 005 |
20260304083428.0 |
| 008 |
250425c1998 xo 0 slo |
| 015 |
|
|
|a SNBRA1998/04-11055
|
| 035 |
|
|
|a CLN000006247
|
| 035 |
|
|
|a (urnnbn)urn:nbn:sk:snk:ar-004vx9
|
| 035 |
|
|
|a (uuid)22cb1766-f485-4a1f-9cf1-fafc311b2159
|
| 035 |
|
|
|a urn:nbn:sk:snk-ab7y9z
|
| 040 |
|
|
|a SNKBUCL
|b slo
|c SNKBUCL
|e AACR2
|
| 041 |
0 |
|
|a slo
|
| 044 |
|
|
|a xo
|c SK
|
| 080 |
|
|
|a 970(=971)"16"(048)
|2 1997
|
| 080 |
|
|
|a 973(=971)"16"(048)
|2 1997
|
| 080 |
|
|
|a 971(=971)"16"(048)
|2 1997
|
| 100 |
1 |
|
|a Lászlóová, H.
|4 aut
|9 1374077
|
| 245 |
1 |
0 |
|a Raková, S.: Severoameričtí indiáni 17. století: interpretace a obraz
|c H. Lászlóová
|
| 500 |
|
|
|a Recenzia vyšla v Český časopis historický. - Roč. 95, č. 2 (1997), s. 349-386
|
| 648 |
|
7 |
|a 17. stor.
|2 snkbucl
|9 288141
|
| 650 |
0 |
7 |
|a Indiáni Severnej Ameriky
|2 snkbucl
|9 66649
|
| 650 |
0 |
7 |
|a štúdie
|2 snkbucl
|9 92810
|
| 651 |
|
7 |
|a Severná Amerika
|2 snkbucl
|9 22757
|
| 655 |
|
7 |
|a články z novín a časopisov
|2 snkbucl
|9 267496
|
| 773 |
0 |
|
|t Historický časopis
|g Roč. 46, č. 1 (1998), s. 138
|x 0018-2575
|
| 850 |
|
|
|a Slovenská národná knižnica
|
| 852 |
|
|
|a Slovenská národná knižnica
|
| 954 |
|
|
|a odborná, vedecká literatúra pôvodná (slovenská)
|2 lita
|
| 958 |
|
|
|a article9
|
| 958 |
|
|
|a OND
|
| 958 |
|
|
|a EUIPO
|
| 992 |
|
|
|a RBX
|
| 999 |
|
|
|c 2800501
|d 2802431
|